| 000 | 00759nam a22002177a 4500 | ||
|---|---|---|---|
| 999 |
_c169540 _d169540 |
||
| 005 | 20191122145710.0 | ||
| 010 | _aENG-126989 | ||
| 020 |
_a9789388881128 _c1350.00 |
||
| 035 | _aEN-110521 | ||
| 037 | _bDBAD/PUB | ||
| 082 | _a338.954 | ||
| 245 |
_a25 years of economic reforms & north east india / _ced.by Bibhas Dhar, Sutapa sengupta and Siddheswar Sarma |
||
| 260 |
_aGuwahati _c2019 _bEBH publishers |
||
| 270 |
_bGuwahati _a136, M.L. Nehru Road, Panbazar Guwahati, Assam _e781001 _k913612513876 _measternbookshouse@gmail.com |
||
| 300 |
_axx; 289p. _c24cm(Hb) |
||
| 500 | _aIncludes references and index | ||
| 700 | _aDhar, Bibhash | ||
| 700 | _aSengupta, Sutapa | ||
| 700 | _aSarma, siddheswar | ||
| 942 |
_2ddc _cEN _h338.954 _mYEA |
||